000 01112nac a22004570a 4500
001 PT54356
003 AR-LpoUNG
005 20210201005530.0
008 201001s1993||||sp |||||||||||||||||spa d
020 _a8475833616
_c$28
040 _aAR-LpoUNG
_bspa
_eaacr
041 _aspa
044 _asp
082 0 _aR909 794rom-v1
100 1 _aCornell, Tim
245 1 0 _aRoma :
_blegado de un imperio
260 _aBarcelona :
_bFolio,
_c1993.
300 _a112 p. :
_bil., mapas, gráfs., fot.
_3Impreso
490 0 _aAtlas culturales del mundo
650 4 _aANALISIS HISTORICO
650 4 _aARTE
650 4 _aASPECTOS POLITICOS
650 4 _aATLAS
650 4 _aCIVILIZACION
650 4 _aCULTURA
650 4 _aEUROPA
650 4 _aFACTORES CULTURALES
650 4 _aGUERRA
650 4 _aHISTORIA
650 4 _aHISTORIA POLITICA
650 4 _aITALIA
650 4 _aMATERIAL DE REFERENCIA
650 4 _aRELIGION
650 4 _aSOCIEDAD
651 4 _aMundial
653 _aIMPERIO ROMANO
653 _aROMA
700 1 _aMatthews, John
905 _a54356
942 _cLSALA
999 _c50092
_d50092